000 00624nam a2200181 a 4500
005 20240706063637.0
008 991125s1976 mx 000 0 spa u
035 _aUPN01000017349
049 _aCG
050 4 _aLB1105
_bP3.2 no.21
100 1 _aPrudhommeau, Maxime,
_d1895-
245 1 0 _aEducación de la infancia anormal /
_cM. Prudhommeau ; tr. por Ramón Gil. Novales.
260 _aMéxico :
_bPlaneta,
_c1976.
300 _a149 p.
440 0 _aPaideia.
_pBiblioteca práctica de pedagogía, psicología y psicopatología de la infancia ;
_v21
650 4 _aNiños con discapacidad
_xEducación
_91549
905 _aLibro
999 _c17349
_d17349